El gigante de piedra. La venganza del padre : leyendas yámanas /

Durante las largas noches de invierno del sur, los yámanas narraban historias de miedo o de aventura, como las dos que se incluyen en este libro. En "El gigante de piedra", se enfrentan a un gigante que se empeña en aterrorizarlos. En la otra, llamada "La venganza del padre", un...

Descripción completa

Guardado en:
Autor Principal: Palermo, Miguel Ángel.
Otros Autores: Chiappe, Aldo; il., Arce, Guillermo; il.
Formato: Libro
Idioma:Undetermined
Publicado: Buenos Aires : Arte Gráfico, 2005.
Edición:1a ed.
Series:Cuentos y leyendas de mi país - Genios ; 7
Materias:
Etiquetas: Agregar Etiqueta
Sin Etiquetas, Sea el primero en etiquetar este registro!
LEADER 01302nam a22002775a 4500
001 CEM.cems021312
008 240730s2005####ag############000#0#und#d
005 20240730150903.0
245 1 0 |a El gigante de piedra. La venganza del padre :  |b leyendas yámanas /  |c Selección y adaptación de Miguel Ángel Palermo ; ilustrado por Aldo Chiappe y Guillermo Arce. 
250 |a 1a ed. 
260 |a Buenos Aires :  |b Arte Gráfico,  |c 2005. 
300 |a 50 p. 
490 1 |a Cuentos y leyendas de mi país - Genios ;  |v 7 
520 |a Durante las largas noches de invierno del sur, los yámanas narraban historias de miedo o de aventura, como las dos que se incluyen en este libro. En "El gigante de piedra", se enfrentan a un gigante que se empeña en aterrorizarlos. En la otra, llamada "La venganza del padre", un joven padece las burlas de otros muchachos, y su padre decide intervenir...de una manera sorprendente. 
020 |a 9507825320 
100 1 |a Palermo, Miguel Ángel. 
700 1 |a Chiappe, Aldo; il. 
700 1 |a Arce, Guillermo; il. 
653 |a Mitos 
653 |a Leyendas 
653 |a Mitos argentinos 
653 |a Leyendas argentinas 
653 |a Pueblos originarios 
653 |a Yaganes 
653 |a Yámanas 
859 |a CEMS  |b BIB. CEMS - Inicial y Primaria  |h 398.2  |i P174-15  |k IP  |p 6877  |t Ej.1